[Event "Festival Primavera Cattolica 2022"]
[Site "Cattolica"]
[Date "2022.03.20"]
[Round "9.7"]
[White "Davtyan, Artur"]
[Black "Nikolov, Momchil"]
[Result "1/2-1/2"]
[WhiteElo "2460"]
[BlackElo "2501"]
[Annotator "RC"]
[PlyCount "68"]
[EventDate "2022.03.16"]
[EventType "swiss"]
[EventCountry "ITA"]
[SourceTitle "playchess.com"]
[Source "ChessBase"]
[SourceQuality "1"]
[TimeControl "30/3600+30:1800+30"]

1. d4 {[%emt 0:00:36]} Nf6 {[%emt 0:00:09]} 2. c4 {[%emt 0:00:05]} e6 {[%emt 0:00:11]} 3. Nf3 {[%emt 0:00:07]} Bb4+ {[%emt 0:00:22]} 4. Bd2 {[%emt 0:00:43]} Bxd2+ {[%emt 0:00:26]} 5. Qxd2 {[%emt 0:00:19]} O-O {[%emt 0:00:46]} 6. Nc3 {[%emt 0:00:10]} d5 {[%emt 0:00:21]} 7. e3 {[%emt 0:00:18]} Qe7 {[%emt 0:00:22]} 8. Rc1 {[%emt 0:01:45]} dxc4 {[%emt 0:01:11]} 9. Bxc4 {[%emt 0:01:12]} c5 {[%emt 0:00:10]} 10. O-O {[%emt 0:00:27]} Nc6 {[%emt 0:01:31]} 11. Qe2 {[%emt 0:02:32]} Rd8 {[%emt 0:03:34]} 12. Rfd1 {[%emt 0:04:26]} Bd7 {[%emt 0:02:08]} 13. a3 {[%emt 0:06:22]} Rac8 {[%emt 0:05:06]} 14. Ba2 {[%emt 0:01:52]} cxd4 {[%emt 0:02:07]} 15. exd4 {[%emt 0:00:06]} Be8 {[%emt 0:00:36]} 16. h3 {[%emt 0:00:31]} Rd6 {[%emt 0:09:06]} 17. Nb5 {[%emt 0:24:01]} Rdd8 {[%emt 0:01:49]} 18. Rc2 {[%emt 0:00:39]} Nd5 {[%emt 0:09:08]} 19. Nc3 {[%emt 0:05:32]} Nxc3 {[%emt 0:05:13]} 20. Rxc3 {[%emt 0:00:04]} Rd6 {[%emt 0:03:02]} 21. Re3 {[%emt 0:02:39]} Qd8 {[%emt 0:01:16]} 22. Re4 {[%emt 0:08:14]} Ne7 {[%emt 0:01:43]} 23. Re1 {[%emt 0:03:05]} Nd5 {[%emt 0:07:26]} 24. h4 {[%emt 0:00:33]} Nf6 {[%emt 0:05:10]} 25. Rf4 {[%emt 0:00:02]} Qc7 {[%emt 0:03:31]} 26. Ng5 {[%emt 0:01:36]} h6 {[%emt 0:03:44]} 27. Nxe6 {[%emt 0:05:00]} fxe6 {[%emt 0:01:42]} 28. Bxe6+ {[%emt 0:00:05]} Rxe6 {[%emt 0:00:37]} 29. Qxe6+ {[%emt 0:00:03]} Bf7 {[%emt 0:00:33]} 30. Qf5 {[%emt 0:00:00]} Rd8 {[%emt 0:00:00]} 31. g4 {[%emt 0:05:53]} Rd5 {[%emt 0:16:12]} 32. Re5 {[%emt 0:02:30]} Bg6 {[%emt 0:01:02]} 33. Qe6+ {[%emt 0:01:12]} Bf7 {[%emt 0:02:48]} 34. Qf5 {[%emt 0:00:08]} Bg6 {[%emt 0:00:18]} 1/2-1/2

[Event "Festival Primavera Cattolica 2022"]
[Site "Cattolica"]
[Date "2022.03.20"]
[Round "9.8"]
[White "Begmuratov, Khumoyun"]
[Black "Mirzoev, Emil"]
[Result "0-1"]
[WhiteElo "2358"]
[BlackElo "2460"]
[Annotator "TA"]
[PlyCount "132"]
[EventDate "2022.03.16"]
[EventType "swiss"]
[EventCountry "ITA"]
[SourceTitle "playchess.com"]
[Source "ChessBase"]
[SourceQuality "1"]

{[%evp 19,131,-37,-20,-33,-16,-45,-47,-58,-71,-73,-44,-41,-61,-153,-155,-144,-53,-82,-75,-108,-77,-129,-62,-45,-42,-43,-41,-45,-35,-63,-56,-67,-67,-163,-178,-184,-195,-197,-200,-192,-227,-287,-267,-295,-296,-284,-275,-239,-149,-137,-57,-54,-43,-39,-38,-39,-43,-133,-133,-133,-133,-133,-133,-133,-133,-133,-133,-133,-133,-133,-133,-141,-148,-1051,-793,-750,-750,-608,-599,-29969,-29962,-29969,-29971,-29971,-29972,-29972,-29973,-29973,-29974,-29974,-29975,-29975,-29976,-29976,-29977,-29977,-29977,-29978,-29979,-29979,-29979,-29983,-29982,-29983,-29984,-29988,-29986,-29989,-29990,-29990,-29991,-29991,-29992,-29999]} 1. e4 e6 2. d3 d5 3. Nd2 c5 4. g3 Nc6 5. Bg2 Nf6 6. Ngf3 Be7 7. O-O b6 8. Re1 Bb7 9. e5 Nd7 10. Nf1 g5 11. h3 {C00: French: Unusual White 2nd moves.} h5 12. N1h2 {To avoid g4} Rg8 $1 13. g4 {Black is slightly better.} Qc7 {[%cal Rd7e5]} 14. Qe2 hxg4 15. Nxg4 O-O-O {[#]} 16. c4 $146 (16. c3 $15) ({Predecessor:} 16. c3 d4 17. c4 Rg7 18. Bd2 Rh8 19. a3 Rh5 20. b4 Rgh7 21. b5 Ncb8 22. a4 {1-0 (52) Flores,I-Horvath,M (2040) Yerevan 1996}) 16... dxc4 $17 17. dxc4 Nd4 (17... Nf8 $1 $17 {Threatens to win with ...Ng6.} 18. Bd2 Ng6) 18. Nxd4 $15 cxd4 19. Bxb7+ Qxb7 (19... Kxb7 {is interesting.} 20. Rd1 Rh8 21. Qf3+ Kb8 22. Rxd4 Nxe5 23. Rxd8+ Rxd8 24. Nxe5 Qxe5 25. a4 Qf5) 20. Qe4 Qxe4 (20... Nf8 $17 21. a4 Qxe4 22. Rxe4 Rh8) 21. Rxe4 Nc5 {[%cal Bd7c5,Bc5e4,Be4c3][%mdl 32]} 22. Re1 a5 $36 {[%mdl 2048] Black is pushing.} 23. Rd1 Kb7 24. b3 a4 25. Ba3 Rd7 {[%cal Bd8d7,Bd7c7,Bc7c4][%mdl 32]} 26. b4 (26. Rab1 $15) 26... Ne4 $19 27. Rac1 Rgd8 28. Rd3 Nc3 29. Rc2 {To avoid Ne2+} Rc7 30. Nh6 Rxc4 31. Nxf7 Rf8 32. Nd6+ Bxd6 33. exd6 b5 {White must now prevent ...e5.} 34. Bb2 {[%cal Rb2c3]} Nxa2 {Black is more active.} (34... Rd8 $1 $17 35. Bxc3 Rxd6) 35. Rxc4 $15 bxc4 36. Rxd4 $17 {[%mdl 4096] Endgame KRB-KRN} c3 ({But not} 36... Nxb4 37. Rxc4 Nd5 38. Rxa4 $14) 37. Ba3 Rd8 {aiming for ...Kb6.} 38. b5 (38. Kf1 $1 $15) 38... c2 $1 39. Rc4 c1=Q+ 40. Bxc1 Nxc1 41. Rxc1 Rxd6 {KR-KR} 42. Rc4 a3 43. Ra4 Rd3 44. Ra6 Rxh3 45. Kg2 g4 46. Kg1 $2 {[%mdl 8192] Loses the game.} (46. f4 $17) 46... Rc3 $19 47. Kg2 e5 {[%cal Be6e5,Be5e4,Be4e3,Be3e2][%mdl 32]} 48. Kh2 g3+ 49. fxg3 e4 {Black mates.} 50. g4 e3 51. Kg3 e2+ $1 52. Kf2 Rh3 53. Kxe2 {[#]} a2 $1 54. g5 {[#]} Rh1 $1 ({Stronger than} 54... Rg3 55. Kf2 Rxg5 56. Rxa2 $11) 55. Kf3 a1=Q 56. Rxa1 Rxa1 {KR-KPP} 57. Kf4 Kc7 58. Kf5 Kd7 59. Kf6 Ke8 60. Kg7 Rb1 61. g6 Rxb5 62. Kh7 Rh5+ 63. Kg8 Ke7 64. g7 Rg5 65. Kh7 Kf7 {[%cal Rg5h5]} 66. Kh8 Rh5# {Weighted Error Value: White=0.40/Black=0.08 (flawless)} 0-1

[Event "Festival Primavera Cattolica 2022"]
[Site "Cattolica"]
[Date "2022.03.20"]
[Round "9.9"]
[White "Hjartarson, Johann"]
[Black "Ojas Kulkarni"]
[Result "1/2-1/2"]
[WhiteElo "2470"]
[BlackElo "2236"]
[Annotator "TA"]
[PlyCount "30"]
[EventDate "2022.03.16"]
[EventType "swiss"]
[EventCountry "ITA"]
[SourceTitle "playchess.com"]
[Source "ChessBase"]
[SourceQuality "1"]

{[%evp 10,30,34,32,24,30,41,39,34,17,32,32,49,21,55,21,33,0,20,19,17,6,16]} 1. e4 e5 2. Nf3 Nc6 3. Bb5 a6 4. Ba4 Bc5 5. O-O d6 6. c3 Bd7 {C70: Ruy Lopez: 3...a6 4 Ba4, Norwegian and Delayed Schliemann.} 7. d4 Ba7 $1 {[%mdl 4] is now more promising than 7...exd4.} 8. Be3 Nge7 {White is slightly better.} 9. Nbd2 Ng6 10. Re1 O-O {[#]} 11. a3 $146 ({Predecessor:} 11. Nf1 exd4 12. cxd4 b5 13. Bb3 Bg4 14. d5 Nce5 15. Bxa7 Bxf3 16. Qd4 Nf4 17. Re3 Nxg2 18. Ng3 Nxe3 19. Qxe3 Qh4 20. Bd4 Qh3 {0-1 (20) Kamsky,G (2665)-Praggnanandhaa,R (2608) Chess.com INT 2021}) 11... Kh8 12. Bc2 h6 13. h3 Qc8 {The position is equal.} 14. Nf1 f5 $1 15. exf5 Bxf5 {Weighted Error Value: White=0.10 (very precise) /Black=0.07 (flawless)} 1/2-1/2

[Event "Festival Primavera Cattolica 2022"]
[Site "Cattolica"]
[Date "2022.03.20"]
[Round "9.10"]
[White "Boder, Jan"]
[Black "Hess, Max"]
[Result "1-0"]
[WhiteElo "2274"]
[BlackElo "2395"]
[Annotator "TA"]
[PlyCount "89"]
[EventDate "2022.03.16"]
[EventType "swiss"]
[EventCountry "ITA"]
[SourceTitle "playchess.com"]
[Source "ChessBase"]
[SourceQuality "1"]

{[%evp 15,89,15,37,30,29,12,12,17,41,14,31,32,23,29,57,0,0,8,22,22,11,36,59,61,97,84,87,45,126,122,113,113,132,85,73,66,56,54,147,160,157,145,154,158,227,226,222,233,274,144,278,263,252,254,341,337,395,379,389,388,388,360,349,346,542,516,534,533,527,513,540,536,593,587,565,537]} 1. c4 e5 2. g3 d6 3. Bg2 f5 4. Nc3 Nf6 5. e3 Be7 6. Nge2 O-O 7. d3 c6 8. O-O Na6 9. Rb1 {A21: English Opening: 1...e5 2 Nc3.} Nc7 10. b4 d5 11. b5 {The position is equal.} Qe8 12. bxc6 bxc6 {[#]} 13. cxd5 $146 ({Predecessor:} 13. Qa4 Bd7 14. Rb7 Ne6 15. cxd5 cxd5 16. Rxd7 Nxd7 17. Bxd5 Ndc5 18. Qc4 Rd8 19. Bxe6+ {1-0 (44) Oledzki,T (2073)-Kuchnio,P (2059) Poland 2012}) 13... cxd5 14. Qb3 {[%cal Rc3d5]} Qf7 15. d4 (15. Ba3 $14) 15... e4 $1 $11 16. Ba3 Bxa3 17. Qxa3 Ba6 18. Rfc1 Rfc8 19. Bf1 Qf8 20. Qa5 {[%cal Oc3e4]} Qd6 21. h4 ({White should try} 21. Na4 $16) 21... Ne6 (21... Bd3 $1 $14) 22. Nb5 $16 Bxb5 23. Qxb5 Rab8 24. Rxc8+ ({Better is} 24. Qa4) 24... Rxc8 25. Qa5 Rb8 $1 26. Rc1 {[%cal Bb1c1,Bc1c6,Bc6a6][%mdl 32]} Qb6 {White stays focused until the end.} (26... Rb7 $14) 27. Qa4 $1 {And now Rc6 would win.} Qb7 28. Rc6 Qd7 {Strongly threatening ...Rb6.} 29. Nc3 Nd8 {[#]} (29... Rb4 $16 {might work better.} 30. Qxb4 Qxc6) 30. Ra6 $1 $18 {Black must now prevent Qxd7.} Qxa4 31. Nxa4 Rb7 32. Nc5 (32. Bh3 $18) 32... Rc7 {[#]} (32... Rf7 $16 33. Bh3 Ne8) 33. Bh3 $1 Kf7 34. Bxf5 Ke7 35. g4 {aiming for g5.} h6 36. g5 hxg5 37. hxg5 Ne8 38. Kg2 Nd6 39. Bg4 g6 (39... Nb5 $142 40. Kg3 Nc3) 40. Kg3 {White is clearly winning.} N8f7 41. Be6 Nxg5 42. Bxd5 Nh7 43. Nxe4 Nf5+ 44. Kf4 Nf8 45. Nc5 {Weighted Error Value: White=0.09 (flawless) /Black=0.30} 1-0